| 000 | 00561nam a22001817a 4500 | ||
|---|---|---|---|
| 005 | 20170821140814.0 | ||
| 010 | _aENG-119940 | ||
| 020 |
_a9788190611978 _c175.00 |
||
| 035 | _aEN-103472 | ||
| 037 | _bDBAD/PUB | ||
| 082 | _a158.1 | ||
| 100 | _aRaju, C.S. | ||
| 245 |
_aBrighter life beyond retirement / _cby C.S. Raju |
||
| 260 |
_aChennai _bSri Sai Publishers _c2012 |
||
| 270 |
_aPlot 116, Rajagopalan Street, Devi Karumari Amman Nagar, Valasaravakkam, _bChennai _e600087 |
||
| 300 |
_a184p. _c22cm(pbk) |
||
| 942 |
_2ddc _cEN _h158.1 _mRAJ |
||
| 999 |
_c143602 _d143602 |
||